Canon EOS 1D Mark III

Bibliographic Details
Main Author: Orviský, Peter (Author)
Format: Article
Language:Slovak
PhysicalDescription:Obr.
ISSN:336-5754
Subjects:

MARC

LEADER 00000nab a2200000 ar4500
001 vtls009007374
003 SK-MaSNL
005 20260303065440.0
008 070511c2007 xo |||||||||||000 b|slo
015 |a SNBRB2007/07  |2 snkbucl 
038 |a SNKBUCL 
040 |a SNKBUCL  |b slo  |c SNKBUCL  |e AACR2 
041 0 |a slo 
044 |a xo  |c SK 
080 |a 771.31:004.085  |2 2001 
080 |a 681.772.2:004.085  |2 2001 
100 1 |a Orviský, Peter  |4 aut  |9 18820 
245 1 0 |a Canon EOS 1D Mark III  |c Peter Orviský 
300 |b Obr. 
650 0 7 |a Canon EOS 1D Mark III (fotoaparát)  |2 snkbucl  |9 1065515 
650 0 7 |a digitálne zrkadlovky  |2 snkbucl  |9 20205 
773 0 |t DiGi revue  |g Roč. 3, č. 7-8 (2007), s. 18-20  |x 336-5754 
852 |a SNK  |b KIS3GCP 
999 |c 1751235  |d 1753165